000 00866cam a2200241 a 4500
001 unk83049760
003 DLC
005 20260227112800.0
008 830823s1960 ii 001 0 sano
010 _aunk83049760
040 _aDLC
_cDLC
050 0 0 _aPK3799.D82
_bD3 1960
100 1 _aDvivedī, Durgāprasāda,
_d1864-1938.
240 1 0 _aDaśakaṇṭhavadha
245 1 0 _aDaśakaṇṭhavadham nāma Rāmacaritam :
_bsvopajñasādhuśuddhiṭīkāsamanvitam /
_cDurgāprasādadvivedaviracitam ; sampādaka Gaṅgādhara Dvivedī.
246 3 0 _aDaśakaṇṭhavadham
260 _aJodhapura :
_bRājasthāna Prācyavidyā Pratishthāna,
_c1960.
300 _a3, 156, 8 p. ;
_c26 cm.
440 0 _aRājasthāna purātana granthamālā ;
_vgranthāṅka 23
546 _aIn Sanskrit.
500 _aIncludes index.
650 0 _aRāma (Hindu deity)
_vPoetry.
999 _c91459
_d91459